Zhodnotenie vplyvu poskytovania podporných programov pre malých a stredných podnikateľov na finančnú situáciu Slovenskej záručnej a rozvojovej banky, a. s diplomová práca

Salvato in:
Dettagli Bibliografici
Autore principale: Kašperová, Karin
Ente Autore: Fakulta hospodárskej informatiky EU. Katedra účtovníctva a audítorstva
Altri autori: Kadlečíková, Oľga, 1973-
Natura: Libro
Lingua:slovacco
Pubblicazione: Bratislava 2025
Tags: Aggiungi Tag
Nessun Tag, puoi essere il primo ad aggiungerne!!

MARC

LEADER 00000nbm a2200000 4500
001 0310562
005 20251208123620.3
041 0 |a slo 
044 |a SK 
245 1 0 |a Zhodnotenie vplyvu poskytovania podporných programov pre malých a stredných podnikateľov na finančnú situáciu Slovenskej záručnej a rozvojovej banky, a. s  |b diplomová práca  |c Karin Kašperová ; školiteľ: Oľga Kadlečíková 
264 1 |a Bratislava  |c 2025 
300 |a 62 s. 
100 1 |a Kašperová, Karin 
700 1 |a Kadlečíková, Oľga, 1973- 
710 2 |a Fakulta hospodárskej informatiky EU. Katedra účtovníctva a audítorstva